Culture or trash? : (Record no. 22001)

000 -LEADER
fixed length control field 01182cam a2200289 a 4500
001 - CONTROL NUMBER
control field 632929
005 - DATE AND TIME OF LATEST TRANSACTION
control field 20170123112326.0
008 - FIXED-LENGTH DATA ELEMENTS--GENERAL INFORMATION
fixed length control field 930528s1993 njua 001 0 eng
010 ## - LIBRARY OF CONGRESS CONTROL NUMBER
LC control number 93002518
020 ## - INTERNATIONAL STANDARD BOOK NUMBER
International Standard Book Number 1559722088 :
Terms of availability $19.95 ($24.95 Can.)
050 00 - LIBRARY OF CONGRESS CALL NUMBER
Classification number N6493 1980 .G37 1993
100 1# - MAIN ENTRY--PERSONAL NAME
Personal name Gardner, James.
245 10 - TITLE STATEMENT
Title Culture or trash? :
Remainder of title a provocative view of contemporary painting, sculpture, and other costly commodities /
Statement of responsibility, etc. by James Gardner.
260 ## - PUBLICATION, DISTRIBUTION, ETC. (IMPRINT)
Place of publication, distribution, etc. Secaucus, N.J. :
Name of publisher, distributor, etc. Carol Pub. Group,
Date of publication, distribution, etc. c1993.
300 ## - PHYSICAL DESCRIPTION
Extent viii, 227 p. :
Other physical details ill. ;
Dimensions 24 cm.
500 ## - GENERAL NOTE
General note "A Birch Lane Press book."
500 ## - GENERAL NOTE
General note Includes index.
650 #0 - SUBJECT ADDED ENTRY--TOPICAL TERM
Topical term or geographic name as entry element Art, Modern
Chronological subdivision 20th century
General subdivision Marketing.
650 #0 - SUBJECT ADDED ENTRY--TOPICAL TERM
Topical term or geographic name as entry element Art, Modern
Chronological subdivision 20th century
General subdivision Economic aspects.
650 #0 - SUBJECT ADDED ENTRY--TOPICAL TERM
Topical term or geographic name as entry element Art criticism
General subdivision History
Chronological subdivision 20th century.
942 ## - ADDED ENTRY ELEMENTS (KOHA)
Source of classification or shelving scheme
Koha item type Hard Covered Materials
Holdings
Withdrawn status Lost status Source of classification or shelving scheme Damaged status Not for loan Home library Current library Shelving location Date acquired Source of acquisition Total Checkouts Full call number Barcode Date last seen Price effective from Koha item type
          MACHAKOS UNIVERSITY LIBRARY MACHAKOS UNIVERSITY LIBRARY Open shelf 23/01/2017 Donation(BFA)   N6493 1980 .G37 1993 31747 23/01/2017 23/01/2017 Hard Covered Materials
© Machakos University Library, Along The Highway, Machakos Wote Rd, Machakos, Kenya P.O. Box 136 - 90100 Machakos - Kenya

Tel: ( +254 ) 723 805829 OR Fax : 044-20353 OR Email: library@mksu.ac.ke